00293nam a2200121Ia 4500008004100000041000900041082001500050100002200065245002800087260004000115300000800155650000800163230718s9999 xx 000 0 und d aEng. a823bFAE-H aFaerstel Marilee  0aHave the men had Excrys aPakistanboxford cuntary Presc1989 a251 aLaw